Songs with "Down" in the Title - Statistics

General Stats
  • This quiz has been taken 219 times
    70 since last reset
  • The average score is 6 of 21
Answer Stats
Year Artist Song % Correct
1996 311 Down
71%
1981 Men at Work Down Under
68%
2005 Fall Out Boy {Sugar}, {We're} {Goin} Down
42%
1979 Electric Light Orchestra {Don't} {Bring} {Me} Down
40%
1969 The Beatles {Don't} {Let} {Me} Down
39%
1997 Radiohead {Let} Down
32%
1969 Creedence Clearwater Revival Down {on} {the} {Corner}
29%
2000 Disturbed Down {With} {the} {Sickness}
27%
1969 Neil Young Down {by} {the} {River}
26%
1965 The Beatles {I'm} Down
24%
1989 Tom Petty {I} {Won't} {Back} Down
23%
1979 The Charlie Daniels Band The Devil Went Down to Georgia
23%
1983 Talking Heads {Burning} Down {the} {House}
21%
1992 Alice in Chains Down {in} {a} {Hole}
21%
2013 DJ Snake and Lil Jon {Turn} Down {for} {What}
19%
1972 Paul Simon {Me} {and} {Julio} Down {by} {the} {Schoolyard}
18%
1995 Bush {Come}down
16%
2011 Rihanna {Man} Down
15%
1989 Nine Inch Nails Down {In} {It}
8%
1987 Depeche Mode {Never} {Let} {Me} Down {Again}
8%
1979 Tubeway Army (Gary Numan) Down {in} {the} {Park}
6%
No matching quizzes found
Score Distribution
Percent of People with Each Score
Percentile by Number Answered
Your Score History
You have not taken this quiz since the last reset